{"text_format":"3","workbook":"xlsx","n_sheets":1,"sheets":["t60"],"read":"whole","date_system":"1900"}

{"sheet":"t60","index":0,"n_rows":147,"n_cols":7,"rows_kept":147,"merged":[[0,0,0,6],[30,0,30,5],[40,0,40,5],[134,0,134,5]]}
["TABELA 60.1 - Estatísticas Agrícolas, Município de Barra Bonita, Estado de São Paulo, 2007/08."]
["ITEM","UNIDADE","N.DE UPAs","MÍNIMO","MÉDIO","MÁXIMO","TOTAL"]
["Distância à sede do município","km",257,{"v":1,"d":"1.0"},{"v":5.64,"d":"5.6"},{"v":15,"d":"15.0"},"-"]
["Área total","hectare",257,0.2,{"v":49.57,"d":"49.6"},942.6,{"v":12740,"d":"12,740.0"}]
["Área com cultura perene","hectare",2,0.3,{"v":9.15,"d":"9.2"},{"v":18,"d":"18.0"},18.3]
["Área com cultura temporária","hectare",252,0.6,{"v":41.86,"d":"41.9"},920.9,{"v":10548.7,"d":"10,548.7"}]
["Área com pastagem","hectare",42,0.5,13.7,90.7,575.4]
["Área com reflorestamento","hectare",17,0.4,{"v":10.89,"d":"10.9"},49.8,185.2]
["Área com vegetação natural","hectare",32,0.2,{"v":3.38,"d":"3.4"},18.5,108.3]
["Área com vegetação de brejo e várzea","hectare",8,0.1,{"v":2.81,"d":"2.8"},9.1,22.5]
["Área em descanso","hectare",15,0.3,{"v":9.83,"d":"9.8"},{"v":90,"d":"90.0"},147.4]
["Área complementar","hectare",198,0.1,{"v":5.73,"d":"5.7"},134.9,{"v":1134.2,"d":"1,134.2"}]
["Área das UPAs com (0, 1] ha","hectare",3,0.2,{"v":0.43,"d":"0.4"},0.6,1.3]
["Área das UPAs com (1, 2] ha","hectare",3,1.2,{"v":1.47,"d":"1.5"},{"v":2,"d":"2.0"},4.4]
["Área das UPAs com (2, 5] ha","hectare",15,2.1,{"v":4.23,"d":"4.2"},{"v":5,"d":"5.0"},63.5]
["Área das UPAs com (5, 10] ha","hectare",74,5.1,{"v":7.27,"d":"7.3"},{"v":10,"d":"10.0"},537.9]
["Área das UPAs com (10, 20] ha","hectare",85,10.1,{"v":14.01,"d":"14.0"},{"v":20,"d":"20.0"},{"v":1191,"d":"1,191.0"}]
["Área das UPAs com (20, 50] ha","hectare",39,20.1,{"v":28.86,"d":"28.9"},{"v":48,"d":"48.0"},{"v":1125.6,"d":"1,125.6"}]
["Área das UPAs com (50, 100] ha","hectare",11,52.2,{"v":74.22,"d":"74.2"},98.3,816.4]
["Área das UPAs com (100, 200] ha","hectare",8,101.8,{"v":121.06,"d":"121.1"},{"v":141,"d":"141.0"},968.5]
["Área das UPAs com (200, 500] ha","hectare",14,{"v":209,"d":"209.0"},{"v":284.26,"d":"284.3"},452.5,{"v":3979.6,"d":"3,979.6"}]
["Área das UPAs com (500, 1.000] ha","hectare",5,624.4,{"v":810.36,"d":"810.4"},942.6,{"v":4051.8,"d":"4,051.8"}]
["Área das UPAs com (1.000, 2.000] ha","hectare","-","-","-","-","-"]
["Área das UPAs com (2.000, 5.000] ha","hectare","-","-","-","-","-"]
["Área das UPAs com (5.000, 10.000] ha","hectare","-","-","-","-","-"]
["Área das UPAs acima de 10.000 ha","hectare","-","-","-","-","-"]
["Familiares do proprietário que trabalham na UPA","unidade",69,{"v":1,"d":"1.0"},{"v":2.33,"d":"2.3"},{"v":9,"d":"9.0"},{"v":161,"d":"161.0"}]
["Trabalhadores permanentes","unidade",56,{"v":1,"d":"1.0"},{"v":2.29,"d":"2.3"},{"v":22,"d":"22.0"},{"v":128,"d":"128.0"}]
["Fonte: Secretaria de Agricultura e Abastecimento, CDRS/IEA, Projeto LUPA."]
[]
["TABELA 60.2 - Explorações Animais, Município de Barra Bonita, Estado de São Paulo, 2007/08."]
["ITEM","UNIDADE","N.DE UPAs","MÍNIMO","MÉDIO","MÁXIMO","TOTAL"]
["Bovinocultura de Corte","cabeças",6,{"v":8,"d":"8.0"},{"v":48.17,"d":"48.2"},{"v":170,"d":"170.0"},{"v":289,"d":"289.0"}]
["Bovinocultura Leiteira","cabeças",4,{"v":1,"d":"1.0"},1.5,{"v":2,"d":"2.0"},{"v":6,"d":"6.0"}]
["Bovinocultura Mista","cabeças",10,{"v":3,"d":"3.0"},28.9,{"v":180,"d":"180.0"},{"v":289,"d":"289.0"}]
["Caprinocultura","cabeças",2,{"v":25,"d":"25.0"},27.5,{"v":30,"d":"30.0"},{"v":55,"d":"55.0"}]
["Equinocultura","cabeças",10,{"v":1,"d":"1.0"},12.4,{"v":35,"d":"35.0"},{"v":124,"d":"124.0"}]
["Suinocultura","cabeças",1,{"v":13,"d":"13.0"},{"v":13,"d":"13.0"},{"v":13,"d":"13.0"},{"v":13,"d":"13.0"}]
["Fonte: Secretaria de Agricultura e Abastecimento, CDRS/IEA, Projeto LUPA."]
[]
["TABELA 60.3 -  Máquinas, Implementos e Benfeitorias, Município de Barra Bonita, Estado de São Paulo, 2007/08."]
["ITEM","UNIDADE","N.DE UPAs","MÍNIMO","MÉDIO","MÁXIMO","TOTAL"]
["Arado Comum (Bacia, Aiveca)","Unidade",2,{"v":1,"d":"1.0"},{"v":1,"d":"1.0"},{"v":1,"d":"1.0"},{"v":2,"d":"2.0"}]
["Arado Escarificador","Unidade",23,{"v":1,"d":"1.0"},{"v":1.52,"d":"1.5"},{"v":3,"d":"3.0"},{"v":35,"d":"35.0"}]
["Arado Subsolador","Unidade",20,{"v":1,"d":"1.0"},1.3,{"v":2,"d":"2.0"},{"v":26,"d":"26.0"}]
["Batedeira de Cereais","Unidade",2,{"v":1,"d":"1.0"},{"v":1,"d":"1.0"},{"v":1,"d":"1.0"},{"v":2,"d":"2.0"}]
["Carregadeira de Cana","Unidade",13,{"v":1,"d":"1.0"},{"v":12,"d":"12.0"},{"v":141,"d":"141.0"},{"v":156,"d":"156.0"}]
["Colhedeira Automotriz","Unidade",3,{"v":1,"d":"1.0"},{"v":26.33,"d":"26.3"},{"v":76,"d":"76.0"},{"v":79,"d":"79.0"}]
["Conj.Irrigação Autopropelido","Unidade",1,{"v":1,"d":"1.0"},{"v":1,"d":"1.0"},{"v":1,"d":"1.0"},{"v":1,"d":"1.0"}]
["Conj.Irrigação Convencional","Unidade",1,{"v":1,"d":"1.0"},{"v":1,"d":"1.0"},{"v":1,"d":"1.0"},{"v":1,"d":"1.0"}]
["Conj.Irrigação Pivot Central","Unidade",1,{"v":2,"d":"2.0"},{"v":2,"d":"2.0"},{"v":2,"d":"2.0"},{"v":2,"d":"2.0"}]
["Conjunto de Fenação","Unidade",1,{"v":1,"d":"1.0"},{"v":1,"d":"1.0"},{"v":1,"d":"1.0"},{"v":1,"d":"1.0"}]
["Desintegrador de Palha (Plantio Direto)","Unidade",1,{"v":1,"d":"1.0"},{"v":1,"d":"1.0"},{"v":1,"d":"1.0"},{"v":1,"d":"1.0"}]
["Desintegrador, Picador, Triturador","Unidade",4,{"v":1,"d":"1.0"},{"v":1.25,"d":"1.3"},{"v":2,"d":"2.0"},{"v":5,"d":"5.0"}]
["Distribuidor de Calcário","Unidade",1,{"v":1,"d":"1.0"},{"v":1,"d":"1.0"},{"v":1,"d":"1.0"},{"v":1,"d":"1.0"}]
["Ensiladeira","Unidade",1,{"v":1,"d":"1.0"},{"v":1,"d":"1.0"},{"v":1,"d":"1.0"},{"v":1,"d":"1.0"}]
["Grade Aradora (Tipo Romi)","Unidade",8,{"v":1,"d":"1.0"},{"v":1.25,"d":"1.3"},{"v":2,"d":"2.0"},{"v":10,"d":"10.0"}]
["Grade Niveladora","Unidade",1,{"v":1,"d":"1.0"},{"v":1,"d":"1.0"},{"v":1,"d":"1.0"},{"v":1,"d":"1.0"}]
["Microtrator","Unidade",2,{"v":1,"d":"1.0"},{"v":1,"d":"1.0"},{"v":1,"d":"1.0"},{"v":2,"d":"2.0"}]
["Misturador de Ração","Unidade",1,{"v":1,"d":"1.0"},{"v":1,"d":"1.0"},{"v":1,"d":"1.0"},{"v":1,"d":"1.0"}]
["Pulverizador Tratorizado","Unidade",13,{"v":1,"d":"1.0"},{"v":1.15,"d":"1.2"},{"v":2,"d":"2.0"},{"v":15,"d":"15.0"}]
["Semeadeira/Adubadeira para Plantio Convencional","Unidade",2,{"v":1,"d":"1.0"},{"v":1,"d":"1.0"},{"v":1,"d":"1.0"},{"v":2,"d":"2.0"}]
["Semeadeira/Plantadeira Plantio Direto","Unidade",3,{"v":1,"d":"1.0"},{"v":1,"d":"1.0"},{"v":1,"d":"1.0"},{"v":3,"d":"3.0"}]
["Terraceador","Unidade",3,{"v":1,"d":"1.0"},{"v":1,"d":"1.0"},{"v":1,"d":"1.0"},{"v":3,"d":"3.0"}]
["Trator de Esteiras","Unidade",4,{"v":1,"d":"1.0"},{"v":4.25,"d":"4.3"},{"v":13,"d":"13.0"},{"v":17,"d":"17.0"}]
["Trator de Pneus","Unidade",44,{"v":1,"d":"1.0"},{"v":6.05,"d":"6.1"},{"v":188,"d":"188.0"},{"v":266,"d":"266.0"}]
["Açude/Represa","Unidade",10,{"v":1,"d":"1.0"},1.3,{"v":2,"d":"2.0"},{"v":13,"d":"13.0"}]
["Almoxarifado/Oficina","Unidade",3,{"v":1,"d":"1.0"},{"v":1,"d":"1.0"},{"v":1,"d":"1.0"},{"v":3,"d":"3.0"}]
["Balança para Veículos","Unidade",1,{"v":1,"d":"1.0"},{"v":1,"d":"1.0"},{"v":1,"d":"1.0"},{"v":1,"d":"1.0"}]
["Barracão para Bicho da Seda/Sirgaria","Unidade",1,{"v":1,"d":"1.0"},{"v":1,"d":"1.0"},{"v":1,"d":"1.0"},{"v":1,"d":"1.0"}]
["Barracão/Galpão/Garagem","Unidade",54,{"v":1,"d":"1.0"},{"v":1.46,"d":"1.5"},{"v":5,"d":"5.0"},{"v":79,"d":"79.0"}]
["Casa de Moradia Habitada","Unidade",114,{"v":1,"d":"1.0"},{"v":2.22,"d":"2.2"},{"v":34,"d":"34.0"},{"v":253,"d":"253.0"}]
["Casa de Moradia Total","Unidade",118,{"v":1,"d":"1.0"},{"v":2.18,"d":"2.2"},{"v":25,"d":"25.0"},{"v":257,"d":"257.0"}]
["Curral/Mangueira","Unidade",10,{"v":1,"d":"1.0"},1.1,{"v":2,"d":"2.0"},{"v":11,"d":"11.0"}]
["Depósito/Tulha","Unidade",39,{"v":1,"d":"1.0"},{"v":1.18,"d":"1.2"},{"v":2,"d":"2.0"},{"v":46,"d":"46.0"}]
["Estábulo","Unidade",1,{"v":1,"d":"1.0"},{"v":1,"d":"1.0"},{"v":1,"d":"1.0"},{"v":1,"d":"1.0"}]
["Estufa/Plasticultura","m²",2,{"v":1,"d":"1.0"},{"v":2,"d":"2.0"},{"v":3,"d":"3.0"},{"v":4,"d":"4.0"}]
["Instalações para Equinos","Unidade",1,{"v":6,"d":"6.0"},{"v":6,"d":"6.0"},{"v":6,"d":"6.0"},{"v":6,"d":"6.0"}]
["Pocilga","Unidade",4,{"v":1,"d":"1.0"},{"v":3.25,"d":"3.3"},{"v":10,"d":"10.0"},{"v":13,"d":"13.0"}]
["Poço Semi-Artesiano","Unidade",1,{"v":1,"d":"1.0"},{"v":1,"d":"1.0"},{"v":1,"d":"1.0"},{"v":1,"d":"1.0"}]
["Silo para Silagem","t",1,{"v":1,"d":"1.0"},{"v":1,"d":"1.0"},{"v":1,"d":"1.0"},{"v":1,"d":"1.0"}]
["Terreiro","m²",5,{"v":1,"d":"1.0"},{"v":1,"d":"1.0"},{"v":1,"d":"1.0"},{"v":5,"d":"5.0"}]
["Usina de Açúcar/destilaria","Unidade",1,{"v":1,"d":"1.0"},{"v":1,"d":"1.0"},{"v":1,"d":"1.0"},{"v":1,"d":"1.0"}]
["Fonte: Secretaria de Agricultura e Abastecimento, CDRS/IEA, Projeto LUPA."]
[]
["TABELA 60.4 - Outras Estatísticas Agrícolas, Município de Barra Bonita, Estado de São Paulo, 2007/08."]
["ITEM","Número de UPAs",null,"Percentual"]
["Faz Parte de Associação de Produtores",223,null,{"v":86.77042801556419,"d":"86.8"}]
["Faz Parte de Cooperativa de Produtores",102,null,{"v":39.688715953307394,"d":"39.7"}]
["Faz Parte do Sindicato de Produtores",21,null,{"v":8.171206225680933,"d":"8.2"}]
["Não utiliza assistência técnica ",32,null,{"v":12.45136186770428,"d":"12.5"}]
["Utiliza somente assistência técnica governamental ",7,null,{"v":2.7237354085603114,"d":"2.7"}]
["Utiliza somente assistência técnica privada ",206,null,{"v":80.1556420233463,"d":"80.2"}]
["Utiliza assistência técnica tanto governamental quanto privada",12,null,{"v":4.669260700389105,"d":"4.7"}]
["Utiliza Crédito Rural",10,null,{"v":3.891050583657588,"d":"3.9"}]
["Utiliza Seguro Rural",1,null,{"v":0.38910505836575876,"d":"0.4"}]
["Utiliza Escrituração Agrícola",180,null,{"v":70.03891050583658,"d":"70.0"}]
["Acessa Internet p/ Fins na Agropecuária",2,null,{"v":0.7782101167315175,"d":"0.8"}]
["Utiliza Computador nas Atividades Agropecuárias",4,null,{"v":1.556420233463035,"d":"1.6"}]
["Utiliza Energia Elétrica Para Uso na Atividade Agrícola",162,null,{"v":63.03501945525292,"d":"63.0"}]
["Realiza Análise de Solo, quando necessário",229,null,{"v":89.10505836575875,"d":"89.1"}]
["Utiliza Práticas de Conservação de Solo, quando necessário",249,null,{"v":96.88715953307393,"d":"96.9"}]
["Faz Adubação Mineral, quando necessário",241,null,{"v":93.77431906614785,"d":"93.8"}]
["Faz Adubação Orgânica, quando necessário",7,null,{"v":2.723735408560311,"d":"2.7"}]
["Faz Adubação Verde, quando necessário",2,null,{"v":0.7782101167315175,"d":"0.8"}]
["Utiliza Manejo Integrado de Pragas (MIP)","-",null,"-"]
["Utiliza Hidroponia","-",null,"-"]
["Utiliza Plasticultura","-",null,"-"]
["Utiliza Mudas Fiscalizadas",2,null,{"v":0.7782101167315175,"d":"0.8"}]
["Utiliza Semente Melhorada",15,null,{"v":5.836575875486381,"d":"5.8"}]
["Faz Confinamento de Bovinos","-",null,"-"]
["Utiliza Pastejo Intensivo",8,null,{"v":3.11284046692607,"d":"3.1"}]
["Faz Inseminação Artificial","-",null,"-"]
["Faz Mineralização do Rebanho",5,null,{"v":1.945525291828794,"d":"1.9"}]
["Faz Vermifugação do Rebanho",5,null,{"v":1.945525291828794,"d":"1.9"}]
["Possui Parceiros /Arrendatários na Exploração Animal",10,null,{"v":3.891050583657588,"d":"3.9"}]
["Esporte e lazer","-",null,"-"]
["Extração mineral","-",null,"-"]
["Hotel Fazenda, Pousada ou SPA","-",null,"-"]
["Pesque-pague","-",null,"-"]
["Restaurante ou Lanchonete","-",null,"-"]
["Transformação artesanal","-",null,"-"]
["Turismo rural ou ecoturismo","-",null,"-"]
["Outras atividades econômicas rurais","-",null,"-"]
["Agroindústria","-",null,"-"]
["Proprietário sem instrução ou com instrução incompleta",5,null,{"v":1.945525291828794,"d":"1.9"}]
["Proprietário com antigo primário completo",135,null,{"v":52.52918287937743,"d":"52.5"}]
["Proprietário com 1° grau (ou antigo ginasial) completo",29,null,{"v":11.284046692607003,"d":"11.3"}]
["Proprietário com 2° grau (ou antigo colegial) completo",23,null,{"v":8.949416342412452,"d":"8.9"}]
["Proprietário com curso superior completo ",43,null,{"v":16.731517509727624,"d":"16.7"}]
["Pessoa Jurídica",22,null,{"v":8.560311284046692,"d":"8.6"}]
["Proprietário residente na própria UPA ",15,null,{"v":5.836575875486381,"d":"5.8"}]
["Fonte: Secretaria de Agricultura e Abastecimento, CDRS/IEA, Projeto LUPA."]
[]
["TABELA 60.5 - Área Cultivada, Município de Barra Bonita, Estado de São Paulo, 2007/08."]
["CULTURA","N.DE UPAs","MÍNIMO","MÉDIO","MÁXIMO","TOTAL"]
["Cana-de-acucar",251,0.6,{"v":41.95,"d":"42.0"},920.9,{"v":10528.5,"d":"10,528.5"}]
["Outras gramineas para pastagem",31,{"v":1,"d":"1.0"},{"v":15.74,"d":"15.7"},90.7,487.8]
["Eucalipto",16,0.4,11.5,49.8,{"v":184,"d":"184.0"}]
["Braquiaria",11,0.5,{"v":7.96,"d":"8.0"},32.4,87.6]
["Milho",11,0.6,{"v":1.77,"d":"1.8"},3.6,19.5]
["Laranja",1,{"v":15,"d":"15.0"},{"v":15,"d":"15.0"},{"v":15,"d":"15.0"},{"v":15,"d":"15.0"}]
["Cafe",1,{"v":3,"d":"3.0"},{"v":3,"d":"3.0"},{"v":3,"d":"3.0"},{"v":3,"d":"3.0"}]
["Outras florestais",1,1.2,1.2,1.2,1.2]
["Mandioca",1,1.2,1.2,1.2,1.2]
["Goiaba",1,0.3,0.3,0.3,0.3]
["Fonte: Secretaria de Agricultura e Abastecimento, CDRS/IEA, Projeto LUPA."]